000 00706nam a22002177a 4500
005 20140813122908.0
010 _aB-497689-721 ENG-110414
020 _a9788129120380
_c150.00
035 _aB-497689-721
035 _aEN-93946
037 _bUBH/Ven
037 _bDBAD/PUB
082 _a000
100 _aO'brien, Derek
245 _aThe ultimate book of knowledge /
_cby Derek O' Brien
260 _aNew Delhi
_bRupa Publications
_c2012
270 _a7/16, Ansari Road, Daryaganj,
_bNew Delhi
_e110002
300 _aV.1(xvii,174p.)
_c21cm(pbk)
942 _2ddc
_cEN
_mOBR
_h000
999 _c74160
_d74160